The Ganga: Rejuvenation of a Glorious Past/ (Record no. 176609)

MARC details
000 -LEADER
fixed length control field 00636nam a22001817a 4500
005 - DATE AND TIME OF LATEST TRANSACTION
control field 20210111163046.0
010 ## - LCCN (DPL NO)
LC control number ENG-128755
020 ## - INTERNATIONAL STANDARD BOOK NUMBER
International Standard Book Number 978-81-237-9138-8
Terms of availability 195.00
035 ## - SYSTEM CONTROL NUMBER
System control number EN-112287
037 ## - SOURCE OF ACQUISITION
Source of stock number/acquisition DBAD/PUB
082 ## - DEWEY DECIMAL CLASSIFICATION NUMBER
Classification number 911.54
100 ## - MAIN ENTRY--PERSONAL NAME
Personal name Tripathi, B. D.
245 ## - TITLE STATEMENT
Title The Ganga: Rejuvenation of a Glorious Past/
Statement of responsibility, etc B. D. Tripathi
Remainder of title Issues and Challenges
260 ## - PUBLICATION, DISTRIBUTION, ETC. (IMPRINT)
Place of publication, distribution, etc New Delhi
Name of publisher, distributor, etc National Book Trust
Date of publication, distribution, etc 2020
270 ## - ADDRESS
City New Delhi
Postal code 110070
Address Nehru Bhawan, 5 Institutional Area, Phase-II, Vasant Kunj
300 ## - PHYSICAL DESCRIPTION
Extent 168p.
Dimensions 22cm(pbk)
Other physical details Including bibliographical references.
942 ## - ADDED ENTRY ELEMENTS (KOHA)
Source of classification or shelving scheme Dewey Decimal Classification
Item type English Books
Classification part 911.54
Call number suffix TRI
Holdings
Withdrawn status Lost status Not for loan Collection code Home library Current library Date acquired Source of acquisition Cost, normal purchase price Full call number Barcode Copy number Cost, replacement price Koha item type
      Non-fiction Central Library Central Library 11/01/2021 DBAD/PUB 195.00 911.54 TRI EN-112287 1 195.00 English Books

© Delhi Public Library
Hit Counter
free hit counter